Statistics for Formula 1 Quiz #5

Click here to take the quiz!

General Stats

  • This quiz has been taken 62 times
  • The average score is 5 of 8

Answer Stats

QuestionAnswer% Correct
2022 will see what US city hosting its first ever F1 race?Miami
97%
How many times the Juan Manuel Fangio break the lap record at the Nürburgring in the 1957 German Grand Prix?9
84%
Who tragically lost their life in 1968? (won 2 World Championships before)Jim Clark
74%
KERS was discovered in what year?2009
60%
Name the track that Daniel Ricciardo took his first pole position of his career.Monaco
53%
Who took a remarkable pole position on debut for the 1996 Australian Grand Prix?Jacques Villeneuve
40%
Remarkably, Wolf won their debut race at South Africa. Who won that race with the team?Jody Scheckter
36%
Name an iconic track that made its F1 debut in 1986.Hungaroring
31%

Score Distribution

Percentile by Number Answered

Percent of People with Each Score

Your Score History

You have not taken this quiz